[Event "Open International Liffré 2016"]
[Site "Liffré France"]
[Date "2016.10.22"]
[Round "1.1"]
[White "Petkov, Vladimir"]
[Black "Duault, Alexis"]
[Result "1-0"]
[BlackElo "1730"]
[WhiteElo "2517"]
[LiveChessVersion "1.4.8"]

1. d4 {[%clk 1:30:49]} e6 {[%clk 1:30:26]} 2. Nf3 {[%clk 1:28:51]} Nf6
{[%clk 1:30:11]} 3. c4 {[%clk 1:26:55]} Bb4+ {[%clk 1:27:04]} 4. Nc3
{[%clk 1:24:51]} O-O {[%clk 1:25:55]} 5. Bg5 {[%clk 1:24:06]} h6 {[%clk 1:24:55]}
6. Bh4 {[%clk 1:24:31]} d5 {[%clk 1:18:20]} 7. cxd5 {[%clk 1:17:39]} exd5
{[%clk 1:17:46]} 8. e3 {[%clk 1:17:43]} Bg4 9. Qb3 {[%clk 1:12:09]} Bxc3+
{[%clk 0:59:05]} 10. bxc3 {[%clk 1:10:51]} Bxf3 {[%clk 0:52:21]} 11. gxf3
{[%clk 1:11:14]} Nbd7 {[%clk 0:34:39]} 12. Qxb7 {[%clk 1:09:34]} Qe7
{[%clk 0:22:05]} 13. Qb4 {[%clk 1:08:18]} Qe6 {[%clk 0:18:45]} 14. Bd3
{[%clk 1:06:25]} Rfb8 {[%clk 0:16:52]} 15. Qa3 {[%clk 1:06:17]} Qh3
{[%clk 0:16:35]} 16. Bg3 {[%clk 1:06:39]} Rc8 {[%clk 0:11:36]} 17. Ke2
{[%clk 0:57:02]} c5 {[%clk 0:08:27]} 18. Rhg1 {[%clk 0:56:52]} c4
{[%clk 0:06:41]} 19. Bc2 {[%clk 0:57:04]} Nb6 {[%clk 0:05:59]} 20. Be5
{[%clk 0:56:39]} Nh5 {[%clk 0:04:19]} 21. Rxg7+ {[%clk 0:56:01]} Nxg7
{[%clk 0:04:13]} 22. Rg1 {[%clk 0:56:25]} 1-0

[Event "Open International Liffré 2016"]
[Site "Liffré France"]
[Date "2016.10.22"]
[Round "1.2"]
[White "Martin, Yvon"]
[Black "Arnaudov, Petar"]
[Result "0-1"]
[BlackElo "2474"]
[WhiteElo "1728"]
[LiveChessVersion "1.4.8"]

1. e4 {[%clk 1:30:54]} g6 {[%clk 1:30:51]} 2. Nf3 {[%clk 1:30:01]} Bg7
{[%clk 1:31:11]} 3. Bc4 {[%clk 1:29:59]} d6 {[%clk 1:31:01]} 4. d3
{[%clk 1:29:22]} Nf6 {[%clk 1:31:20]} 5. c3 {[%clk 1:27:53]} O-O {[%clk 1:31:01]}
6. h3 {[%clk 1:26:09]} e5 {[%clk 1:30:06]} 7. Bg5 {[%clk 1:22:24]} h6
{[%clk 1:27:48]} 8. Be3 {[%clk 1:21:19]} d5 {[%clk 1:27:55]} 9. exd5
{[%clk 1:18:33]} Nxd5 {[%clk 1:28:18]} 10. Na3 {[%clk 1:08:32]} Nc6
{[%clk 1:18:08]} 11. Bb3 {[%clk 0:54:59]} Bf5 {[%clk 1:17:43]} 12. Bc2
{[%clk 0:53:10]} Qe7 {[%clk 1:17:50]} 13. g4 {[%clk 0:42:46]} Be6
{[%clk 1:17:21]} 14. Qd2 {[%clk 0:35:58]} Kh7 {[%clk 1:17:26]} 15. Qe2
{[%clk 0:18:34]} Nxc3 {[%clk 1:16:43]} 16. bxc3 {[%clk 0:13:01]} Qxa3
{[%clk 1:16:43]} 17. O-O {[%clk 0:11:01]} Qxc3 {[%clk 1:12:41]} 18. Rfc1
{[%clk 0:09:42]} Qa5 {[%clk 1:12:45]} 19. Bd2 {[%clk 0:09:05]} Qd5
{[%clk 1:12:47]} 20. g5 {[%clk 0:03:10]} h5 {[%clk 1:12:37]} 21. d4
{[%clk 0:03:19]} exd4 {[%clk 1:12:41]} 22. Nh2 {[%clk 0:02:26]} Bf5
{[%clk 1:12:18]} 23. Bb3 {[%clk 0:02:21]} Qe4 {[%clk 1:12:29]} 24. Qb5
{[%clk 0:01:52]} Bxh3 {[%clk 1:10:54]} 25. f3 {[%clk 0:01:38]} Qe5
{[%clk 1:10:54]} 26. Qxe5 {[%clk 0:01:04]} Bxe5 {[%clk 1:11:17]} 27. Bd5
{[%clk 0:00:38]} d3 {[%clk 1:10:53]} 28. Rab1 {[%clk 0:00:34]} Nd4
{[%clk 1:11:08]} 29. Be3 {[%clk 0:00:33]} Ne2+ {[%clk 1:11:24]} 30. Kh1
{[%clk 0:00:38]} Nxc1 {[%clk 1:11:25]} 31. Bxc1 {[%clk 0:00:43]} Rad8
{[%clk 1:11:42]} 32. Ba3 {[%clk 0:00:32]} Rxd5 {[%clk 1:11:50]} 33. Bxf8
{[%clk 0:00:44]} d2 {[%clk 1:12:14]} 34. Rd1 {[%clk 0:00:57]} Bd6 0-1

[Event "Open International Liffré 2016"]
[Site "Liffré France"]
[Date "2016.10.22"]
[Round "1.3"]
[White "Thejkumar, M.S."]
[Black "Vandomel, Fabrice"]
[Result "1-0"]
[BlackElo "1724"]
[WhiteElo "2445"]
[LiveChessVersion "1.4.8"]

1. d4 {[%clk 1:30:55]} e6 {[%clk 1:30:23]} 2. c4 {[%clk 1:30:52]} b6
{[%clk 1:30:36]} 3. Nf3 {[%clk 1:30:06]} Bb7 {[%clk 1:30:45]} 4. g3
{[%clk 1:27:55]} f5 {[%clk 1:25:30]} 5. Bg2 {[%clk 1:28:00]} Nf6 {[%clk 1:25:41]}
6. O-O {[%clk 1:28:06]} Be7 {[%clk 1:20:01]} 7. d5 {[%clk 1:22:11]} O-O
{[%clk 1:18:11]} 8. Nd4 {[%clk 1:19:11]} exd5 {[%clk 1:03:18]} 9. Nxf5
{[%clk 1:15:27]} Bc5 {[%clk 1:00:05]} 10. Ne3 {[%clk 1:10:49]} Re8
{[%clk 0:39:33]} 11. Nxd5 {[%clk 1:09:49]} Nxd5 {[%clk 0:37:16]} 12. Bxd5+
{[%clk 1:09:59]} Bxd5 {[%clk 0:37:27]} 13. Qxd5+ {[%clk 1:10:24]} 1-0

[Event "Open International Liffré 2016"]
[Site "Liffré France"]
[Date "2016.10.22"]
[Round "1.4"]
[White "Denizet, Briac"]
[Black "Kulkarni, Ojas"]
[Result "0-1"]
[BlackElo "2405"]
[WhiteElo "1723"]
[LiveChessVersion "1.4.8"]

1. e4 {[%clk 1:30:54]} Nf6 {[%clk 1:30:41]} 2. e5 {[%clk 1:30:23]} Nd5
{[%clk 1:30:56]} 3. d4 {[%clk 1:29:54]} d6 {[%clk 1:31:06]} 4. Nf3
{[%clk 1:28:21]} dxe5 {[%clk 1:31:31]} 5. dxe5 {[%clk 1:27:47]} Bg4
{[%clk 1:31:56]} 6. h3 {[%clk 1:19:51]} Bh5 {[%clk 1:30:10]} 7. Bc4
{[%clk 1:17:37]} e6 {[%clk 1:26:05]} 8. O-O {[%clk 1:15:16]} Nc6 {[%clk 1:24:13]}
9. Re1 {[%clk 1:09:16]} Be7 {[%clk 1:19:16]} 10. Bxd5 {[%clk 1:00:57]} Qxd5
{[%clk 1:16:53]} 11. Qxd5 {[%clk 0:58:17]} exd5 {[%clk 1:17:20]} 12. Nc3
{[%clk 0:56:22]} Bxf3 {[%clk 1:16:39]} 13. gxf3 {[%clk 0:56:47]} Nd4
{[%clk 1:06:59]} 14. Rd1 {[%clk 0:48:33]} Nxf3+ {[%clk 1:06:03]} 15. Kg2
{[%clk 0:48:06]} Nh4+ {[%clk 1:05:49]} 16. Kf1 {[%clk 0:45:35]} c6
{[%clk 1:06:03]} 17. Bf4 {[%clk 0:45:25]} Nf5 {[%clk 1:06:08]} 18. Ne2
{[%clk 0:45:31]} O-O-O {[%clk 0:58:56]} 19. Nd4 {[%clk 0:41:40]} Nxd4
{[%clk 0:58:49]} 20. Rxd4 {[%clk 0:42:05]} Kd7 {[%clk 0:57:48]} 21. Re1
{[%clk 0:39:24]} Ke6 {[%clk 0:55:58]} 22. Bg3 {[%clk 0:34:08]} b5
{[%clk 0:49:28]} 23. a4 {[%clk 0:31:07]} b4 {[%clk 0:48:35]} 24. b3
{[%clk 0:29:18]} c5 {[%clk 0:47:43]} 25. Rg4 {[%clk 0:26:06]} Rdg8
{[%clk 0:40:14]} 26. Bh2 {[%clk 0:21:57]} h5 {[%clk 0:39:41]} 27. Rg3
{[%clk 0:21:00]} g6 {[%clk 0:39:10]} 28. Ke2 {[%clk 0:17:49]} Rc8
{[%clk 0:38:08]} 29. Rc1 {[%clk 0:14:43]} c4 {[%clk 0:35:36]} 30. Kd1
{[%clk 0:12:03]} cxb3 {[%clk 0:31:16]} 31. cxb3 {[%clk 0:11:53]} Rxc1+
{[%clk 0:31:36]} 32. Kxc1 {[%clk 0:12:20]} Rc8+ {[%clk 0:32:02]} 33. Kb2
{[%clk 0:09:46]} Bc5 {[%clk 0:31:30]} 34. f4 {[%clk 0:09:11]} Bd4+
{[%clk 0:31:13]} 35. Kb1 {[%clk 0:08:56]} Rc3 {[%clk 0:25:01]} 36. Rxc3
{[%clk 0:08:30]} Bxc3 {[%clk 0:25:22]} 37. Kc2 {[%clk 0:08:41]} Bd4
{[%clk 0:25:23]} 38. Kd2 {[%clk 0:07:45]} Kf5 {[%clk 0:24:46]} 39. Kd3
{[%clk 0:07:34]} Bb6 {[%clk 0:24:24]} 40. Bg3 {[%clk 0:35:36]} a5
{[%clk 0:54:31]} 41. Bh2 {[%clk 0:35:25]} h4 0-1

[Event "Open International Liffré 2016"]
[Site "Liffré France"]
[Date "2016.10.23"]
[Round "2.1"]
[White "Safa, Cyrille"]
[Black "Petkov, Vladimir"]
[Result "0-1"]
[BlackElo "2517"]
[WhiteElo "1874"]
[LiveChessVersion "1.4.8"]

1. e4 {[%clk 1:24:48]} e5 {[%clk 1:15:18]} 2. Nc3 {[%clk 1:24:34]} Nf6
{[%clk 1:14:14]} 3. f4 {[%clk 1:24:50]} d5 {[%clk 1:14:03]} 4. exd5
{[%clk 1:24:29]} exf4 {[%clk 1:14:08]} 5. d4 {[%clk 1:22:58]} Nxd5
{[%clk 1:11:30]} 6. Nxd5 {[%clk 1:21:03]} Qxd5 {[%clk 1:11:50]} 7. Qe2+
{[%clk 0:54:02]} Be6 {[%clk 1:07:35]} 8. Nf3 {[%clk 0:46:03]} Qf5
{[%clk 1:00:44]} 9. Qb5+ {[%clk 0:36:44]} Qxb5 {[%clk 1:00:49]} 10. Bxb5+
{[%clk 0:37:09]} c6 {[%clk 0:59:54]} 11. Bd3 {[%clk 0:37:34]} Bd6
{[%clk 0:59:23]} 12. O-O {[%clk 0:37:43]} h6 {[%clk 0:59:08]} 13. c4
{[%clk 0:32:52]} Nd7 {[%clk 0:58:29]} 14. Bd2 {[%clk 0:32:43]} O-O
{[%clk 0:56:40]} 15. Rfd1 {[%clk 0:22:30]} Rad8 {[%clk 0:55:53]} 16. b4
{[%clk 0:21:59]} Rfe8 {[%clk 0:55:32]} 17. a4 {[%clk 0:20:20]} g5
{[%clk 0:52:42]} 18. Bc3 {[%clk 0:20:13]} Bf8 {[%clk 0:52:16]} 19. a5
{[%clk 0:14:45]} Bg7 {[%clk 0:49:33]} 20. Rac1 {[%clk 0:14:04]} Bg4
{[%clk 0:46:32]} 21. Rd2 {[%clk 0:13:03]} Re3 {[%clk 0:42:07]} 22. a6
{[%clk 0:08:49]} bxa6 {[%clk 0:41:02]} 23. h3 {[%clk 0:09:05]} Bxf3
{[%clk 0:41:15]} 24. gxf3 {[%clk 0:09:29]} Rxf3 {[%clk 0:34:23]} 25. Be4
{[%clk 0:09:52]} Rg3+ {[%clk 0:32:34]} 26. Kh2 {[%clk 0:10:04]} Nb6
{[%clk 0:32:32]} 27. Ba1 {[%clk 0:08:19]} Ra3 {[%clk 0:27:40]} 28. Bb2
{[%clk 0:06:35]} Ra2 {[%clk 0:25:17]} 29. Rcc2 {[%clk 0:04:58]} Rxb2
{[%clk 0:25:15]} 0-1

[Event "Open International Liffré 2016"]
[Site "Liffré France"]
[Date "2016.10.23"]
[Round "2.2"]
[White "Arnaudov, Petar"]
[Black "Le Duigou, Goulven"]
[Result "1-0"]
[BlackElo "1874"]
[WhiteElo "2474"]
[LiveChessVersion "1.4.8"]

1. Nf3 {[%clk 1:30:09]} Nf6 {[%clk 1:26:26]} 2. c4 {[%clk 1:14:25]} g6
{[%clk 1:26:41]} 3. Nc3 {[%clk 1:14:51]} Bg7 {[%clk 1:26:59]} 4. e4
{[%clk 1:15:16]} d6 {[%clk 1:27:15]} 5. d4 {[%clk 1:15:40]} O-O {[%clk 1:27:36]}
6. h3 {[%clk 1:16:07]} c5 {[%clk 1:27:16]} 7. d5 {[%clk 1:16:31]} Nbd7
{[%clk 1:26:31]} 8. Be3 {[%clk 1:16:33]} a6 {[%clk 1:23:08]} 9. a4
{[%clk 1:16:54]} Qc7 {[%clk 1:22:38]} 10. Be2 {[%clk 1:15:06]} b6
{[%clk 1:18:43]} 11. O-O {[%clk 1:15:12]} h6 {[%clk 1:15:41]} 12. Qd2
{[%clk 1:14:04]} Kh7 {[%clk 1:14:57]} 13. Rad1 {[%clk 1:13:03]} Ng8
{[%clk 1:11:55]} 14. Ne1 {[%clk 1:12:43]} Ndf6 {[%clk 0:59:18]} 15. f4
{[%clk 1:12:16]} Bd7 {[%clk 0:58:28]} 16. Nd3 {[%clk 1:10:15]} Ne8
{[%clk 0:56:57]} 17. Nf2 {[%clk 1:09:32]} f5 {[%clk 0:48:22]} 18. exf5
{[%clk 1:08:14]} Bxf5 {[%clk 0:48:01]} 19. g4 {[%clk 1:08:13]} Bd7
{[%clk 0:47:12]} 20. Qc2 {[%clk 1:07:11]} e5 {[%clk 0:44:38]} 21. dxe6
{[%clk 1:05:29]} Bxe6 {[%clk 0:44:59]} 22. Bd3 {[%clk 1:04:43]} Ne7
{[%clk 0:41:53]} 23. f5 {[%clk 1:02:48]} d5 {[%clk 0:39:08]} 24. Nh1
{[%clk 1:02:42]} dxc4 {[%clk 0:30:21]} 25. fxg6+ {[%clk 1:02:14]} Kh8
{[%clk 0:30:03]} 26. Rxf8+ {[%clk 1:01:17]} Bxf8 {[%clk 0:30:25]} 27. Qf2
{[%clk 0:46:52]} Bg7 {[%clk 0:29:24]} 28. Be4 {[%clk 0:47:18]} Rd8
{[%clk 0:29:11]} 29. Rxd8 {[%clk 0:47:15]} Qxd8 {[%clk 0:29:34]} 30. Qh4
{[%clk 0:47:27]} Kg8 {[%clk 0:27:08]} 31. Bxh6 {[%clk 0:43:32]} Qd4+
{[%clk 0:25:11]} 32. Nf2 {[%clk 0:41:22]} Nf6 {[%clk 0:25:04]} 33. Bxg7
{[%clk 0:40:52]} Kxg7 {[%clk 0:25:02]} 34. g5 {[%clk 0:40:40]} Nxe4
{[%clk 0:23:23]} 35. Qh6+ {[%clk 0:32:54]} Kg8 {[%clk 0:23:30]} 36. Ncxe4
{[%clk 0:32:19]} Nd5 {[%clk 0:23:00]} 37. g7 {[%clk 0:31:46]} Kf7
{[%clk 0:21:44]} 38. g8=Q+ 1-0

[Event "Open International Liffré 2016"]
[Site "Liffré France"]
[Date "2016.10.23"]
[Round "2.3"]
[White "Marie, Xavier"]
[Black "Thejkumar, M.S."]
[Result "0-1"]
[BlackElo "2445"]
[WhiteElo "1860"]
[LiveChessVersion "1.4.8"]

1. d4 {[%clk 1:30:57]} d5 {[%clk 1:30:45]} 2. c4 {[%clk 1:31:23]} e5
{[%clk 1:31:05]} 3. dxe5 {[%clk 1:31:43]} d4 {[%clk 1:31:30]} 4. Nf3
{[%clk 1:32:03]} Nc6 {[%clk 1:31:53]} 5. g3 {[%clk 1:32:24]} Nge7
{[%clk 1:32:15]} 6. Bg2 {[%clk 1:32:50]} Ng6 {[%clk 1:32:38]} 7. O-O
{[%clk 1:32:57]} Ngxe5 {[%clk 1:33:18]} 8. Nxe5 {[%clk 1:33:16]} Nxe5
{[%clk 1:29:21]} 9. Na3 {[%clk 1:23:14]} Be7 {[%clk 1:20:24]} 10. Nb5
{[%clk 1:19:15]} c5 {[%clk 1:19:31]} 11. Bf4 Bf6 12. Bxe5 {[%clk 1:15:51]} Bxe5
{[%clk 1:19:54]} 13. e3 {[%clk 1:15:00]} O-O {[%clk 1:13:53]} 14. exd4
{[%clk 1:06:04]} cxd4 {[%clk 1:13:58]} 15. Re1 {[%clk 0:53:46]} Bf6
{[%clk 1:08:21]} 16. Bd5 {[%clk 0:51:08]} Qb6 {[%clk 0:44:29]} 17. Re4
{[%clk 0:46:53]} d3 {[%clk 0:44:28]} 18. Qd2 {[%clk 0:45:42]} Bf5
{[%clk 0:39:17]} 19. Ree1 {[%clk 0:44:08]} Rad8 {[%clk 0:38:28]} 20. Nc3
{[%clk 0:39:51]} h6 {[%clk 0:32:38]} 21. Kg2 {[%clk 0:39:51]} Bg5
{[%clk 0:32:38]} 22. f4 {[%clk 0:39:51]} Bf6 {[%clk 0:32:38]} 23. Rad1
{[%clk 0:39:51]} Rfe8 {[%clk 0:32:38]} 24. Na4 {[%clk 0:18:10]} Qd4
{[%clk 0:21:48]} 25. Nc3 {[%clk 0:18:10]} Qb6 {[%clk 0:21:48]} 26. Na4
{[%clk 0:18:10]} Qc7 {[%clk 0:17:54]} 27. b4 {[%clk 0:11:49]} Rxe1
{[%clk 0:15:30]} 28. Rxe1 {[%clk 0:11:50]} b5 {[%clk 0:15:46]} 29. Nc5
{[%clk 0:03:16]} bxc4 {[%clk 0:16:06]} 30. Bxc4 {[%clk 0:00:36]} Qc6+
{[%clk 0:16:23]} 31. Kf2 {[%clk 0:00:53]} Bd4+ {[%clk 0:16:45]} 32. Re3
{[%clk 0:01:22]} Re8 0-1

[Event "Open International Liffré 2016"]
[Site "Liffré France"]
[Date "2016.10.23"]
[Round "2.4"]
[White "Kulkarni, Ojas"]
[Black "Seite, Sulian"]
[Result "1-0"]
[BlackElo "1872"]
[WhiteElo "2405"]
[LiveChessVersion "1.4.8"]

1. c4 {[%clk 1:30:51]} c5 {[%clk 1:30:47]} 2. g3 {[%clk 1:31:04]} Nf6
{[%clk 1:30:46]} 3. Bg2 {[%clk 1:31:59]} Nc6 {[%clk 1:30:01]} 4. Nc3 g6
{[%clk 1:30:19]} 5. Nf3 {[%clk 1:32:11]} Bg7 {[%clk 1:30:38]} 6. O-O
{[%clk 1:32:56]} O-O 7. d4 {[%clk 1:33:22]} cxd4 {[%clk 1:31:18]} 8. Nxd4
{[%clk 1:33:50]} Nxd4 {[%clk 1:31:14]} 9. Qxd4 {[%clk 1:34:17]} d6
{[%clk 1:31:12]} 10. Qd3 {[%clk 1:32:57]} a6 {[%clk 1:29:10]} 11. Bd2
{[%clk 1:28:50]} Rb8 {[%clk 1:22:19]} 12. a4 {[%clk 1:18:17]} b6 {[%clk 1:07:32]}
13. Rab1 {[%clk 1:12:39]} Nd7 {[%clk 1:03:47]} 14. Nd5 {[%clk 1:10:17]} Nc5
{[%clk 1:01:56]} 15. Qc2 {[%clk 1:06:06]} Bd7 {[%clk 0:44:20]} 16. b3
{[%clk 0:56:02]} Re8 {[%clk 0:35:00]} 17. Rfd1 {[%clk 0:43:31]} Qc8
{[%clk 0:32:29]} 18. Bg5 Bf8 {[%clk 0:28:58]} 19. Rbc1 {[%clk 0:33:38]} h6
{[%clk 0:26:45]} 20. Bd2 {[%clk 0:29:20]} a5 {[%clk 0:25:40]} 21. Bc3
{[%clk 0:28:26]} Bg7 {[%clk 0:26:08]} 22. Bxg7 {[%clk 0:28:26]} Kxg7
{[%clk 0:26:08]} 23. Qc3+ Kh7 24. h4 {[%clk 0:27:27]} h5 {[%clk 0:22:35]} 25. Nf4
{[%clk 0:26:23]} Kg8 {[%clk 0:21:50]} 26. Bd5 {[%clk 0:20:01]} Ne6
{[%clk 0:20:03]} 27. Bxe6 {[%clk 0:17:44]} Bxe6 {[%clk 0:20:05]} 28. e4
{[%clk 0:17:40]} Qc5 {[%clk 0:12:01]} 29. Re1 {[%clk 0:13:37]} Qe5
{[%clk 0:05:59]} 30. Qe3 {[%clk 0:11:04]} Red8 {[%clk 0:05:08]} 31. Rcd1
{[%clk 0:07:50]} Rb7 {[%clk 0:01:07]} 32. Nd5 {[%clk 0:06:22]} Bxd5
{[%clk 0:01:22]} 33. Rxd5 {[%clk 0:06:40]} Qg7 {[%clk 0:01:15]} 34. e5
{[%clk 0:05:49]} Rbd7 {[%clk 0:01:06]} 35. Red1 {[%clk 0:05:05]} e6
{[%clk 0:00:35]} 36. Rxd6 {[%clk 0:05:23]} Rxd6 {[%clk 0:00:55]} 37. exd6
{[%clk 0:05:42]} Qf8 {[%clk 0:00:44]} 38. Qxb6 {[%clk 0:05:52]} Ra8
{[%clk 0:00:48]} 39. d7 1-0

[Event "Open International Liffré 2016"]
[Site "?"]
[Date "2016.10.22"]
[Round "?"]
[White "Jolly Jean François"]
[Black "Josse Mathilde"]
[Result "1-0"]
[WhiteElo "2385"]
[BlackElo "1720"]
[PlyCount "47"]
[EventDate "2016.??.??"]

1. e4 e5 2. Nf3 Nc6 3. Bb5 a6 4. Ba4 Nf6 5. O-O Bc5 6. c3 b5 7. Bb3 Bb6 8. a4
Bb7 9. d4 O-O 10. Re1 Qe7 11. axb5 axb5 12. Rxa8 Rxa8 13. Na3 Ba6 14. Bg5 d6
15. Bd5 Bb7 16. Nh4 exd4 17. Nf5 Qd8 18. cxd4 Na5 19. Bxb7 Nxb7 20. Qf3 Rb8 21.
e5 dxe5 22. dxe5 Bd4 23. Nxd4 Qxd4 24. exf6 1-0

[Event "Open international Liffré" 2016"]
[Site "?"]
[Date "2016.10.22"]
[Round "1"]
[White "Danzanvilliers Patrice"]
[Black "Pucher Sebastien"]
[Result "0-1"]
[WhiteElo "1719"]
[BlackElo "2366"]
[PlyCount "60"]

1. e4 e5 2. Nf3 Nc6 3. Bc4 Bc5 4. c3 Nf6 5. d3 O-O 6. O-O d5 7. exd5 Nxd5 8. b4
Be7 9. b5 Na5 10. Nxe5 Bf6 11. f4 Nxc3 12. Nxc3 Bxe5 13. fxe5 Qd4+ 14. Rf2 Nxc4
15. dxc4 Qxc3 16. Bb2 Qxc4 17. Qf1 Qxf1+ 18. Raxf1 Be6 19. Rc2 Rac8 20. Rfc1
Rfd8 21. a4 c5 22. bxc6 Rxc6 23. Rxc6 bxc6 24. Ba3 Rd3 25. Bd6 Bd5 26. Rb1 h5
27. g3 Rd2 28. Rb7 a6 29. Rb6 Rg2+ 30. Kf1 Ra2 0-1

[Event "Open international Liffré" 2016"]
[Site "?"]
[Date "2016.10.22"]
[Round "1"]
[White "Cheikh-Boukal Ziyad"]
[Black "Pucher Olivier"]
[Result "*"]
[WhiteElo "1688"]
[BlackElo "2354"]
[PlyCount "52"]
[SourceDate "2012.12.11"]

1. d4 Nf6 2. Bf4 g6 3. Nc3 d6 4. Qd2 Nbd7 5. O-O-O c5 6. e4 cxd4 7. Qxd4 e5 8.
Qc4 exf4 9. Nb5 Ne5 10. Qc3 Bg4 11. Nc7+ Ke7 12. Nd5+ Nxd5 13. Rxd5 Be6 14. Rb5
b6 15. Qa3 Bg7 16. Nf3 Nxf3 17. gxf3 a6 18. Rb4 Qc7 19. Bd3 Rhc8 20. Kb1 Qc5
21. Rd1 Qxf2 22. c3 Be5 23. Bxa6 Qxf3 24. Rf1 Qxf1+ 25. Bxf1 Rxa3 26. bxa3 Rxc3
*

[Event "Open international Liffré" 2016"]
[Site "?"]
[Date "2016.10.22"]
[Round "1"]
[White "Durand Le Ludec Brendan"]
[Black "De Lagontrie Jean"]
[Result "0-1"]
[WhiteElo "2128"]
[BlackElo "1686"]
[PlyCount "83"]
[SourceDate "2012.12.11"]

1. Nf3 d5 2. g3 c5 3. Bg2 Nc6 4. O-O e5 5. c4 d4 6. d3 Nf6 7. e4 Be7 8. Nh4 O-O
9. Nf5 Be6 10. f4 exf4 11. Bxf4 Qd7 12. Nxe7+ Nxe7 13. Nd2 Ng6 14. e5 Ng4 15.
Ne4 Rac8 16. Nd6 Rc7 17. Qe2 Nxf4 18. Rxf4 Ne3 19. Be4 h6 20. Nb5 Rcc8 21. Nxa7
Ra8 22. Nb5 Bg4 23. Qf2 Rae8 24. a4 Rxe5 25. Qd2 f5 26. Bh1 g5 27. Rf2 f4 28.
a5 Rf6 29. b4 cxb4 30. Qxb4 Nd1 31. Rf1 Ne3 32. Rf2 Nd1 33. Rxd1 Bxd1 34. Bd5+
Kh8 35. Qc5 Re1+ 36. Kg2 Qg4 37. Rb2 fxg3 38. Qxd4 Qf5 39. Kxg3 Rg1+ 40. Rg2
Rxg2+ 41. Kxg2 Bf3+ 42. Kf1 0-1

[Event "Open international Liffré" 2016"]
[Site "?"]
[Date "2016.10.22"]
[Round "1"]
[White "Gipouloux Laurent"]
[Black "François Adrien"]
[Result "0-1"]
[WhiteElo "1686"]
[BlackElo "1907"]
[PlyCount "67"]
[SourceDate "2012.12.11"]

1. e4 c5 2. b3 e6 3. Bb2 d5 4. exd5 exd5 5. d4 Nf6 6. Bb5+ Nc6 7. Qe2+ Be7 8.
Nf3 O-O 9. O-O Bg4 10. Bxc6 bxc6 11. Qd3 Bxf3 12. Qxf3 cxd4 13. Bxd4 Ne4 14.
Rd1 Ng5 15. Qd3 Ne6 16. Be3 Bf6 17. c3 Qa5 18. b4 Qa4 19. Nd2 a5 20. bxa5 Qxa5
21. Nb3 Qa3 22. Rd2 Rfb8 23. Rad1 Ra4 24. h3 Rc4 25. Rc2 h6 26. g3 h5 27. Kg2
g6 28. Kh2 h4 29. Qd2 Be5 30. Bd4 hxg3+ 31. fxg3 Nxd4 32. Nxd4 Bxd4 33. cxd4
Rxc2 34. Qxc2 0-1

[Event "Open international Liffré" 2016"]
[Site "?"]
[Date "2016.10.23"]
[Round "2"]
[White "Seite Yamina"]
[Black "Jolly Jean-Francois"]
[Result "0-1"]
[WhiteElo "1788"]
[BlackElo "2385"]
[PlyCount "64"]
[SourceDate "2012.12.11"]

1. e4 e5 2. Nf3 Nc6 3. Bb5 a6 4. Ba4 Nf6 5. d3 d6 6. c3 g6 7. Nbd2 Bg7 8. Nf1
O-O 9. Ng3 Nd7 10. Be3 Ne7 11. Qd2 Kh8 12. Bb3 Nc5 13. Bc2 f5 14. exf5 Nxf5 15.
Bg5 Qe8 16. Ne4 Ne6 17. h4 d5 18. Ng3 Nxg3 19. fxg3 Nxg5 20. Nxg5 Bg4 21. Rf1
Qe7 22. Qe3 Rad8 23. Rf2 e4 24. d4 Rxf2 25. Kxf2 Rf8+ 26. Kg1 b6 27. Nh3 Bxh3
28. gxh3 Rf3 29. Qe1 e3 30. Bxg6 Qd6 31. Kg2 Rf2+ 32. Kh1 Qxg3 0-1

[Event "Open international Liffré" 2016"]
[Site "?"]
[Date "2016.10.23"]
[Round "2"]
[White "Pucher Sebastien"]
[Black "Ellien Iwan"]
[Result "1-0"]
[WhiteElo "2366"]
[BlackElo "1850"]
[PlyCount "45"]
[SourceDate "2012.12.11"]

1. c4 e5 2. g3 Nf6 3. Bg2 Be7 4. Nc3 O-O 5. Nf3 d6 6. O-O c6 7. d4 Qc7 8. Qc2
Bg4 9. Rd1 Nbd7 10. h3 Bh5 11. Nh4 Bg6 12. Nxg6 fxg6 13. Be3 exd4 14. Bxd4 Ne5
15. b3 Qc8 16. c5 Nf7 17. cxd6 Bxd6 18. e4 Be5 19. Bxe5 Nxe5 20. f4 Nf7 21. e5
Ne8 22. Ne4 Qc7 23. Nc5 1-0

[Event "Open international Liffré" 2016"]
[Site "?"]
[Date "2016.10.23"]
[Round "2"]
[White "Rider Palmer"]
[Black "Kukov Velislav"]
[Result "0-1"]
[WhiteElo "1772"]
[BlackElo "2358"]
[PlyCount "82"]
[SourceDate "2012.12.11"]

1. e4 d6 2. d4 Nf6 3. Nc3 e5 4. Nf3 exd4 5. Qxd4 Nc6 6. Bb5 Bd7 7. Bxc6 Bxc6 8.
Bg5 Be7 9. O-O-O O-O 10. e5 dxe5 11. Qxe5 Bd6 12. Qd4 Re8 13. Bxf6 Qxf6 14.
Qxf6 gxf6 15. Nd4 Be4 16. Nxe4 Rxe4 17. Rhe1 Re5 18. Rxe5 fxe5 19. Nb5 Rd8 20.
Nxd6 cxd6 21. Rd5 Kf8 22. Kd2 Ke7 23. c4 Rg8 24. g3 Ke6 25. Ra5 a6 26. Rd5 Rc8
27. Kd3 f5 28. a4 Rf8 29. b4 b6 30. Kc3 f4 31. g4 f3 32. Rd3 e4 33. Re3 Ke5 34.
Re1 Rg8 35. h3 h5 36. Rg1 e3 37. fxe3 Ke4 38. Kd2 f2 39. Rf1 Kf3 40. e4 hxg4
41. hxg4 Rxg4 0-1

[Event "?"]
[Site "?"]
[Date "2016.10.23"]
[Round "2"]
[White "Pucher Olivier"]
[Black "Brault Gabriel"]
[Result "0-1"]
[WhiteElo "2354"]
[BlackElo "1783"]
[PlyCount "42"]
[SourceDate "2012.12.11"]

1. d4 Nf6 2. c4 c5 3. d5 b5 4. cxb5 a6 5. bxa6 Bxa6 6. Nc3 g6 7. e4 Bxf1 8.
Kxf1 d6 9. g4 Bg7 10. Kg2 Nfd7 11. Nge2 Ne5 12. h3 Qa5 13. Rb1 Na6 14. f4 Nc4
15. Qd3 Nb6 16. Qb5+ Qxb5 17. Nxb5 O-O 18. b3 Rfb8 19. Nec3 Nd7 20. Bd2 Rb7 21.
a4 Nb4 0-1

[Event "Open international Liffré" 2016"]
[Site "?"]
[Date "2016.10.23"]
[Round "2"]
[White "François Adrien"]
[Black "Aubry Youri"]
[Result "0-1"]
[WhiteElo "1907"]
[BlackElo "1762"]
[PlyCount "70"]
[SourceDate "2012.12.11"]

1. d4 Nf6 2. Bf4 d6 3. Nc3 g6 4. Qd2 Bf5 5. f3 d5 6. g4 Bd7 7. O-O-O c6 8. Be5
Bg7 9. h4 h6 10. Bh3 Na6 11. g5 Nh5 12. Bxd7+ Qxd7 13. Bxg7 Nxg7 14. gxh6 Nf5
15. e4 dxe4 16. fxe4 Nxh6 17. Nf3 O-O-O 18. h5 gxh5 19. Ne5 Qe8 20. Rxh5 f6 21.
Rxh6 fxe5 22. Rxh8 Qxh8 23. d5 Rd6 24. Qf2 Kb8 25. Qf7 Qf6 26. Rf1 Qg5+ 27. Kb1
Nc5 28. b4 Nd7 29. Qe8+ Kc7 30. dxc6 bxc6 31. Qa8 Qe3 32. Nd1 Qd4 33. Nb2 Nb8
34. a3 Rd8 35. Rf7 Nd7 0-1